| 000 | 00736nam a2200193Ia 4500 | ||
|---|---|---|---|
| 008 | 140609s9999 xx 000 0 und d | ||
| 020 | _a9781781905159 | ||
| 050 |
_aLB 1028.5 _b.In37 2013 |
||
| 245 |
_aIncreasing student engagement and retention in e-learning environments : _bWeb 2.0 and blended learning technologies / _cedited by Charles Wankel, Patrick Blessinger |
||
| 260 |
_aBingley, England : _bEmerald Group Publishing Limited, _cc2013. |
||
| 300 |
_a423 p. : _bill. ; _c23 cm. |
||
| 440 | _a(Cutting-edge technologies in higher education). | ||
| 500 | _aIncludes bibliographical references and index. | ||
| 521 | _aIT | ||
| 650 | _xComputers. | ||
| 650 | _xEducational software. | ||
| 942 |
_kFOR _cBK |
||
| 999 |
_c117940 _d117940 |
||